00398nam a2200169Ia 4500003000500000008004100005020001800046040001900064082000700083100002600090245003000116250000600146260004600152300001000198365000800208546001200216STCL230726s9999 xx 000 0 und d a9789389347753 aSTCLcSTCLbEN 222 aPattanayak, Biswajeet 0aHuman resource management a6 bPHI Learning Private LimitedaDelhic2021 a784 p b795 aEnglish